| 000 | 00346nam a22001457a 4500 | ||
|---|---|---|---|
| 020 | _a978-81-264-4220-1 | ||
| 082 |
_a894.812.3 _bBAS/M |
||
| 100 | _aBASHEER | ||
| 245 |
_aMUCHEETTRUKALIKKARANTE MAKALUM _bCHILA GADAGADIYAN NOVELUKALUM |
||
| 260 |
_aKOTTAYAM _bDC BOOKS _c2013 |
||
| 300 | _a262 | ||
| 520 | _aNOVEL | ||
| 650 | _aNOVEL | ||
| 942 | _cBK | ||
| 999 |
_c4826 _d4826 |
||